Guess The Song Artist, By Emoji - Statistics

General Stats
  • This quiz has been taken 807 times
    798 since last reset
  • The average score is 10 of 100
Answer Stats
Emoji Artist % Correct
5️⃣0️⃣+🪙 50 Cent
59%
🧃+🌎 Juice Wrld
52%
🧊 Ice Cube
41%
6️⃣9️⃣ 6ix9ine
37%
🤏🤠❌ Lil Nas X
36%
❌❌❌ XXXTentacion
36%
✌️+⛓ 2 Chainz
32%
🤏+👶 Lil Baby
32%
💳+🐝 Cardi B
31%
👉👶 Dababy
30%
🇯 + 🥶 J. Cole
29%
KE 🧱+🦙 Kendrick Lamar
26%
🤏🩸 Yungblud
25%
🔵😀 Blueface
23%
🤰🤰🤰🤰 Drake
23%
👨‍⚕️ Dr. Dre
23%
🤏+⛴ Lil Yachty
23%
🐅 Tyga
23%
✌️☝️+🔪 21 Savage
22%
💭+🐉🐉 Imagine Dragons
22%
🌕🚶‍♂️ Michael Jackson
22%
💨+🐕 Snoop Dogg
20%
🤏+⛽ Lil Pump
19%
⛷😷 Ski Mask The Slump God
19%
🔫 Gunna
18%
🛫 Takeoff
16%
📴+🎧 Offset
14%
📇+ ⚫️ Kodak Black
13%
🌵+ 💉 Travis Scott
13%
🟥🟫+5️⃣ Maroon 5
12%
👩‍🦰💨+🐈 Doja Cat
11%
🇳👆📧+ 🚁 NLE Choppa
10%
💨🟣 Smokepurpp
10%
🐞+👶 Lady Gaga
9%
🤏+🔫 Lil Uzi Vert
9%
🤯+🔴 Trippie Redd
9%
🏀+🤏🚹 NBA Youngboy
8%
👕+🐐 Polo G
8%
🎤+💨 Pop Smoke
8%
🙏+💲+🛑 Ty Dolla Sign
7%
🅱️⬆️☝️ Beyonce
6%
7️⃣+🟤 Chris Brown
6%
👻😀+🔪 Ghostface Killah
6%
🤏+📺 Lil Tecca
6%
🤖+🔫+🔧 Machine Gun Kelly
6%
🤳+🍉 Post Malone
6%
🤏⬆️+🦫 Justin Bieber
5%
🍑🍒+👉+🛑🦁 Megan Thee Stallion
5%
🎮🚹+🚗☕️ Playboi Carti
5%
✌️💪 Tupac
5%
🛡+🪐 Bruno Mars
4%
🏥⚕️+🚺🏃‍♀️ Ed Sheeran
4%
🌪⚡️ Stormzy
4%
🧑+👓👚👖👞 Harry Styles
3%
💪+😫💀 Liam Payne
3%
🤏+ 🛣 Lil Wayne
3%
🍡🔥 Marshmello
3%
🫒+ 🌱🔁⬆️ Olivia Rodrigo
3%
🏫🚹+❓ Schoolboy Q
3%
👉+📆 The Weeknd
3%
🍆🍆🐐 DDG
2%
🤲+👄 Dua Lipa
2%
🥫✅+⬅️ Kanye West
2%
🤏+🌃 Lil Durk
2%
🤔🧠 Logic
2%
✔️👕+🍑 Nicki Minaj
2%
💩+😐🍹 Pooh Shiesty
2%
🍵😇+🔁 Taylor Swift
2%
🅰️🔟🔤+🔍 AJ Tracey
1%
🐜+ ❤️💍 Anne-Marie
1%
🎤♈👱‍♀️+ES☀️ Ariana Grande
1%
📄💵+👀👁 Billie Eilish
1%
🔙👉🎬 BTS
1%
🔥+🚹 Burna Boy
1%
🐪+🔌 Camilla Cabello
1%
⏺+👀 Central Cee
1%
✡️ Dave
1%
🦸‍♂️+🚗 Future
1%
💉+ 👨‍🦱⬇️ Jack Harlow
1%
🕊️+👨‍❤️‍👨🙎‍♂️ Jonas Brothers
1%
🤏⬆️+🌳🪓🌊 Justin Timberlake
1%
👌+🍒 Katy Perry
1%
🧠💪👍 KSI
1%
🤏+🎨 Little Mix
1%
🧭 Nav
1%
👴+🌹 Rick Ross
1%
🔁🥺🙏 Rihanna
1%
🎣+ 🤑 Roddy Ricch
1%
💲🛣 +👆2️⃣📧 Swae Lee
1%
☝️+🕺🏽+☝️+🎩🧥 A Boogie With A Hoodie
0%
8️⃣🔠 Aitch
0%
🏴‍☠️🍆 Arrdee
0%
🐛+ 🍉 Bugzy Malone
0%
🔁+👉+ 🎤 Chance The Rapper
0%
🤜+✅ G-Eazy
0%
👨‍🦲+☝️ Headie One
0%
🛣 + ☀️ Miley Cyrus
0%
🚌🎫+⛙⛙ Tory Lanez
0%
🀫 +👉+ 👼 Tyler The Creator
0%
😗🎵+🏢🔝 Wiz Khalifa
0%
No matching quizzes found
Score Distribution
Percent of People with Each Score
Percentile by Number Answered
Your Score History
You have not taken this quiz since the last reset